| 000 | 00950 a2200205 4500 | ||
|---|---|---|---|
| 003 | UA-OsUOA | ||
| 005 | 20260402141237.0 | ||
| 008 | 260320b un ||||| |||| 00| 0 ukr d | ||
| 040 |
_aUA-OsUOA _bukr _cUA-OsUOA _dUA-OsUOA |
||
| 041 | _aukr | ||
| 080 | _a82-94 | ||
| 090 |
_a82-94 _bП19 |
||
| 100 |
_aПастернак Ю. _924546 |
||
| 245 |
_aКрізь комин на волю _bспомини в'язня німецьких концтаборів _cЮрій Пастернак |
||
| 300 | _a243 с. | ||
| 650 |
_2UDC _a82-94 Історія як літературний жанр. Історичні твори. Історіографія. Хроніки. Аннали, літописи. Мемуари. Спогади. Щоденники. Біографії. Автобіографії _92061 |
||
| 942 |
_cBK _2udc |
||
| 955 | _a3 | ||
| 999 |
_c580138 _d580138 |
||